000 01541cam a2200385 4500
999 _c24170
_d24170
001 vtls012230816
005 20260506091302.0
008 230530s2023 xo a e 000 j slo
020 _a9788055188249
_q(viazané)
040 _aSAVUK
_bslo
_cSAVUK
_dSNK
_erda
041 0 _aslo
044 _axo
_cSK
072 7 _a821.162.4-3
_xSlovenská próza
_2konspekt
080 _a821.162.4-3
_22011
080 _a(082.21)
_22011
100 1 _aFeldeková, Oľga,
_d1943-2025
_4aut
_95503
245 1 0 _aMožno si zatancujeme na druhom svete
_cOľga Feldeková ; zostavila a doslov napísala Anna Lara
250 _aPrvé vydanie
264 1 _aBratislava
_bIkar
_c2023
300 _a295 strán
_bilustrácie
_c21 cm
336 _atext
_btxt
_2rdacontent
337 _abez média
_bn
_2rdamedia
338 _azväzok
_bnc
_2rdacarrier
500 _aV publikácii sú použité diela Márie Medveckej zo zbierok Liptovskej galérie Petra Michala Bohúňa v Liptovskom Mikuláši a Oravskej galérie v Dolnom Kubíne
500 _aObálku s použitím portrétu štvorročnej Oľgy Feldekovej od Márie Medveckej navrhla Miroslava Repiská
655 7 _aslovenské prózy
_2SNKPH
_92179
655 7 _aSlovak prose
_2SNKPHeng
_92696
655 7 _aSelected works
_2SNKPHeng
_95504
655 7 _avýbery
_2SNKPH
_92003
700 1 _aFeldeková, Anna,
_d1976-
_4com
_4aft
_4pht
_95505
700 1 _aRepiská, Miroslava,
_d1986-
_4bjd
_95506
700 1 _aMedvecká, Mária,
_d1914-1987
_4ill
_95507
958 _aLX